[Event "Rubinstein Memorial 35th"]
[Site "Polanica Zdroj"]
[Date "1998.08.26"]
[Round "9"]
[White "Karpov, Anatoly"]
[Black "Ivanchuk, Vassily"]
[Result "1/2-1/2"]
[WhiteElo "2725"]
[BlackElo "2730"]
[Annotator "Tsesarsky,Ilya"]
[PlyCount "66"]
[EventDate "1998.08.17"]
[EventType "tourn"]
[EventRounds "11"]
[EventCountry "POL"]
[EventCategory "17"]
[SourceTitle "CBM 067"]
[Source "ChessBase"]
[SourceDate "1998.11.30"]
[SourceVersion "2"]
[SourceVersionDate "1998.11.01"]
[SourceQuality "1"]

{[%mdl 4352]} 1. Nf3 c5 2. c4 Nc6 3. Nc3 Nf6 4. g3 d5 5. d4 e6 6. cxd5 Nxd5 7. Bg2 Nb6 (7... Ndb4 $1 8. e3 (8. a3 $6 cxd4 9. axb4 Bxb4 10. Nxd4 Nxd4 11. O-O (11. Qa4+ $2 Bd7 12. Qxb4 $4 Nc2+ $19) 11... O-O 12. Bf4 a5 $15) (8. dxc5 Qxd1+ 9. Kxd1 Bxc5 10. a3 Nd5 11. Nxd5 (11. Ne4 Bb6 $132) 11... exd5 12. e3 (12. Rf1 O-O $11) 12... O-O (12... d4 13. b4 Bb6 14. b5 Na5 15. Nxd4 $14) 13. b4 Bb6 14. Bb2 Bf5 $11 (14... Bd7 15. Rc1 Rac8 16. Re1 Rfe8 17. Re2 Bf5 $11)) 8... cxd4 9. exd4 Nxd4 10. Nxd4 Qxd4 11. O-O Qxd1 12. Rxd1 Be7 (12... Bc5 $6 13. Bf4 O-O 14. Nb5 $44 {½-½ Biriukov,O-Aseev,K/City-Ch, St Petersburg RUS 1998 (41)}) 13. Bf4 O-O $15) (7... Nxc3 8. bxc3 cxd4 9. cxd4 Bb4+ 10. Bd2 Be7 (10... Qa5 11. Rb1 Bxd2+ 12. Qxd2 Qxd2+ 13. Kxd2 Ke7 14. Rhc1 $16) 11. Bc3 (11. O-O O-O 12. Rb1 Nxd4 13. Nxd4 Qxd4 14. Qc2 Qc5 15. Qxc5 {½-½ Petrosian,T-Spassky,B/Moskva (m6) 1966 (15)}) 11... O-O 12. O-O Bd7 $1 13. Qd2 $14 {1-0 Gulko,B-Vaganian,R/Yerevan 1996/Inf 66/ (30)}) (7... Nf6 8. e3 Be7 9. O-O O-O 10. b3 Qa5 11. Bd2 cxd4 12. Nxd4 Nxd4 13. exd4 Bb4 14. Ne4 Nxe4 15. Bxb4 Qxb4 16. Bxe4 Bd7 $11 {½-½ Shamkovich,L-Averbakh,Y/URS-ch21 Kiev 1954/URS-ch (30)}) 8. e3 $11 (8. Bg5 $5 f6 9. Be3 (9. dxc5 Bxc5 10. Ne4 Qxd1+ 11. Rxd1 Bb4+ 12. Bd2 Bxd2+ 13. Nfxd2 (13. Rxd2 Ke7 14. O-O e5 15. Rfd1 Be6 16. b3 Rad8 17. Nc5 Bc8 $11) 13... Ke7 14. f4 a5 15. Nc5 a4 16. a3 Ra5 $132 {1-0 Agdestein,S-Chandler,M/Hastings 1991/CBM 27 (43)}) 9... Nc4 10. O-O (10. Qa4 Nxe3 11. fxe3 Bd7 $15) 10... Nxe3 11. fxe3 Be7 (11... Bd7 $5 $132) 12. Qb3 O-O (12... Qb6 13. Na4 $1 Qxb3 14. axb3 cxd4 15. Nxd4 Nxd4 16. exd4 $14 {1-0 Ivanchuk,V-Seirawan,Y/Tilburg m rapid 1992 (39)}) 13. Rad1 Qb6 $11) 8... Be7 9. O-O (9. Ne5 $5 Nxe5 10. dxe5 Qxd1+ 11. Kxd1 O-O 12. Ke2 Nc4 13. f4 Rb8 14. b3 Na5 15. Nb5 Bd7 16. Nd6 Bc6 17. Bxc6 Nxc6 $11 {1-0 Ehlvest,J-Chandler,M/Reykjavik WCup 1991/CBM 26 (35)}) 9... O-O 10. dxc5 (10. Re1 Bd7 11. Ne4 cxd4 12. exd4 Rc8 13. Bg5 (13. Qb3 Na5 $15) 13... Bxg5 (13... f6 14. Bd2 Nd5 15. Qb3 b6 $11) 14. Nexg5 h6 15. Ne4 Nb4 16. Nc5 $132) 10... Bxc5 11. b3 (11. Qe2 $5 Bd7 (11... e5 12. Rd1 Qe7 13. Ne4 Bf5 14. Nxc5 Qxc5 15. e4 Bg4 16. Be3 Qc4 17. Rd2 Rfd8 (17... f5 18. Qe1 (18. exf5 Qxe2 19. Rxe2 e4 $19) 18... f4 19. gxf4 (19. Bxb6 axb6 20. Bf1 Qf7 21. Ng5 Qg6 22. h4 h6 23. Bc4+ Kh8 $19) 19... exf4 20. Bxb6 axb6 $11) 18. Qe1 (18. Bxb6 Qxe2 19. Rxe2 axb6 $17) 18... Qxe4 (18... Bxf3 19. Bxf3 Rxd2 20. Bxd2 (20. Qxd2 Rd8 21. Qc1 $11) 20... Nd4 21. Bd1 $132) 19. Nd4 Qg6 20. Nxc6 bxc6 21. Rxd8+ Rxd8 22. Bxb6 axb6 23. Qxe5 $11) 12. Rd1 Rc8 13. a3 a5 14. Nd4 $14) 11... e5 12. Bb2 Bf5 13. Qxd8 $146 (13. Rc1 Rc8 $11 (13... Qe7 $11)) (13. e4 Bg4 $11) ({RR} 13. Rc1 Bb4 14. e4 Be6 15. Nd5 Nxd5 16. exd5 Bxd5 17. Nxe5 Bxg2 18. Kxg2 Nxe5 19. Bxe5 Qa5 20. Qg4 Qxe5 21. Qxb4 Qd5+ 22. Kg1 Rad8 23. Rfe1 g6 24. Rc7 Rd7 25. Rxd7 Qxd7 26. h4 Qd5 27. Qc3 h5 {Petrov,J (2428)-Rade,M (2436) Sibenik 2008 ½-½}) ({RR} 13. e4 Be6 14. Rc1 Bb4 15. Nd5 Nxd5 {½-½ (15) Medak,B (2386)-Rade,M (2451) Sibenik 2016}) 13... Rfxd8 14. Rfd1 f6 15. Ne1 (15. Rac1 $11) 15... Rxd1 (15... Rac8 16. Ne4 Be7 $11) 16. Rxd1 Rd8 17. Rxd8+ Nxd8 18. Kf1 (18. Ne4 Be7 $11) 18... Bd7 (18... Kf7 $11) 19. Nd3 Be7 20. Ke2 (20. f4 exf4 21. exf4 Bf5 $11 (21... Bc6 $11)) 20... Kf7 21. f4 exf4 22. exf4 Bc6 23. Ne4 (23. Be4 g6 $11) 23... g6 24. Bd4 Nd7 $5 (24... Ne6 $11) (24... f5 25. Ne5+ Ke6 26. Nxc6 Nxc6 27. Nc5+ Bxc5 28. Bxc5 $16) 25. Bf3 (25. Bxa7 $5 b6 $1 (25... f5 $2 26. Nec5 Bxg2 (26... Nxc5 27. Bxc6 Nxc6 (27... Nxd3 28. Bd5+ Ke8 29. Kxd3 $16) 28. Bxc5 $16) 27. Nxd7 Ke6 28. N7c5+ (28. Kf2 Bh1 29. N7c5+ Kd5 30. Nb4+ Kd6 (30... Kd4 $4 31. Na4+ Ke4 32. Nc3#) 31. Bb6 Ne6 32. Nbd3 Kd5 33. Nxe6 Kxe6 34. Ke3 $16) 28... Kd5 29. Nb4+ (29. a4 Nc6 30. Bb6 Nd4+ 31. Kf2 Kc6 32. a5 Bxc5 33. Nxc5 Bd5 34. b4 Nc2 35. Nd3 Be4 36. Ke2 Kb5 (36... Bxd3+ 37. Kxd3 Nxb4+ 38. Kc4 Nd5 $11) 37. Nc5 Bd5 38. Nd7 Nxb4 $11) 29... Kd6 (29... Kd4 $4 30. Na4+ Ke4 31. Nc3#) 30. Bb6 $16) 26. Bf3 (26. Bh3 f5 27. Nd2 Bd5 28. Nb1 (28. Ne5+ Nxe5 29. fxe5 Bc5 30. Bb8 (30. b4 Bg1 $11 (30... Bxb4 31. Bxb6 Nc6 32. a4 Ke6 33. Nf3 Bb3 $11))) 28... Nc6 29. Nc3 Bxb3 30. axb3 (30. Bg2 Nxa7 31. axb3 $11) 30... Nxa7 $11) 26... f5 27. Nc3 Bxf3+ 28. Kxf3 Nc6 29. Nb5 Ke6 30. a4 Kd5 31. Ke3 Bf6 32. Nc1 Nd4 33. Nxd4 Bxd4+ 34. Ke2 (34. Kd3 Nc5+ 35. Kc2 Kc6 36. Ne2 Bg7 37. Bb8 Nd7 38. Be5 Nxe5 39. fxe5 Bxe5 40. b4 $11) 34... Bf6 (34... Kc6 35. a5 Bg1 36. h3 $16) 35. b4 Kc6 36. a5 bxa5 37. bxa5 Kb5 38. Kd3 Kxa5 39. Bd4 Kb5 40. Bxf6 Nxf6 41. Kd4 Kc6 42. Nd3 Kd6 $11) 25... f5 26. Ng5+ Bxg5 27. fxg5 Ke6 (27... Ne6 28. Bxa7 Bxf3+ 29. Kxf3 Nxg5+ 30. Kf4 h6 (30... Ne6+ 31. Ke3 Nf6 $132) 31. a4 Nf6 $132) 28. Bb2 (28. Bxa7 Bxf3+ (28... b6 29. Nb4 Bxf3+ 30. Kxf3 Kd6 31. a4 Nc6 32. Nxc6 Kxc6 33. a5 bxa5 34. Ke3 Nc5 35. Bxc5 Kxc5 36. Kd3 Kb4 (36... Kd5 37. Ke3 Ke5 38. Kd3 Kd5 $11 (38... f4 39. gxf4+ Kxf4 40. Kc4 $18)) 37. Kc2 $11) 29. Kxf3 Nc6 30. Nf4+ Kd6 31. Be3 $16) 28... Bxf3+ 29. Kxf3 Kd5 30. Nf4+ Kd6 31. Ba3+ Ke5 32. Bb2+ Kd6 33. Ba3+ Ke5 1/2-1/2

[Event "Montreal International"]
[Site "Montreal"]
[Date "1979.05.02"]
[Round "16"]
[White "Karpov, Anatoly"]
[Black "Tal, Mihail"]
[Result "1/2-1/2"]
[WhiteElo "2705"]
[BlackElo "2615"]
[Annotator "ChessBase"]
[PlyCount "64"]
[EventDate "1979.04.11"]
[EventType "tourn"]
[EventRounds "18"]
[EventCountry "CAN"]
[EventCategory "15"]
[SourceTitle "MCL"]
[Source "ChessBase"]
[SourceDate "1999.07.01"]
[SourceVersion "1"]
[SourceVersionDate "1999.07.01"]
[SourceQuality "1"]

1. c4 Nf6 2. Nc3 c5 3. Nf3 e6 4. g3 d5 5. cxd5 Nxd5 6. Bg2 Nc6 7. O-O Be7 8. d4 O-O 9. Nxd5 (9. e4 $5) 9... exd5 10. Be3 (10. dxc5 Bxc5 11. Bg5 Qb6 (11... f6 12. Rc1 (12. Bd2)) 12. Qxd5 Be6 $10) 10... c4 (10... cxd4 $6 11. Nxd4 $14) (10... Bf6 11. dxc5 Bxb2 12. Rb1 Bf6 13. Ne1 d4 14. Bf4 Qa5 15. Nd3 $13 {Portisch,L-Keres,P/Petropolis izt/1973/}) 11. b3 (11. Ne5 f6 (11... Be6 $6 12. Nxc4 dxc4 13. d5 $14) (11... Na5 $5) 12. Nxc6 bxc6 13. b3 Ba6 $10) ({RR} 11. Rc1 Be6 12. b3 b5 13. bxc4 bxc4 14. Ne5 Nxe5 15. dxe5 Qa5 16. f4 Bc5 17. Bd4 g6 18. e3 Rab8 19. Rf2 Rfd8 20. g4 Bxd4 21. exd4 c3 22. f5 Bd7 23. Qf3 Rb2 24. Rcc2 gxf5 25. gxf5 Qxa2 {Naimov,D (1767)-Stupak,A (1455) Montesilvano ITA 2026 1-0 (47)}) 11... cxb3 (11... Bf6 12. bxc4 dxc4 13. Rb1 Qa5 14. a4 a6 15. Nd2 $14) 12. Qxb3 (12. axb3 Be6 13. Ne5 Qb6 14. Nd3 Bf6 $13 {Gurevich,D-Gruenfeld,Y/Las Vegas/1985/}) 12... Na5 13. Qb1 ({RR} 13. Qd3 Be6 14. h4 f6 15. Nd2 Qd7 16. Bf4 Rac8 17. Rfc1 b5 18. e4 Nc4 19. Nxc4 bxc4 20. Qe3 Rfe8 21. e5 f5 22. h5 Rb8 23. h6 g6 24. Bg5 Bf8 25. Rcb1 a5 26. Qc1 Qa7 27. Be3 Rb4 {Beliavsky,A (2690)-Nikcevic,N (2505) Belgrade 1998 1-0 (52)}) 13... Bg4 $146 ({RR} 13... Nc4 14. Bf4 g5 15. Bc1 Bf6 16. e3 Rb8 17. a4 a6 18. Nd2 b6 19. Qd3 a5 20. Nxc4 Ba6 21. Qf5 Bxc4 22. Rd1 Kg7 23. Bh3 Re8 24. Qf3 b5 25. axb5 Rxb5 26. Qf5 h6 27. Ba3 a4 28. Bg4 {Spassov,L-Lukacs,P (2405) Skara 1980 ½-½ (41)}) ({RR} 13... Be6 14. Ne5 b6 15. Bd2 f6 16. Nd3 Nc4 17. Bb4 Bxb4 18. Qxb4 Qd7 19. Rfc1 Rac8 20. Nf4 Bf7 21. h4 g6 22. Rc2 Rc7 23. Rac1 Rfc8 24. Bh3 f5 25. Bg2 a5 26. Qb3 b5 27. Nd3 b4 28. Nc5 {Makarov,M (2515)-Ruban,V (2595) Cetinje 1993 ½-½ (49)}) 14. a4 Rc8 15. Qa2 (15. Ra2 {e5}) 15... Nc4 16. Bf4 Qd7 17. Rfb1 f6 18. Qb3 b6 19. h4 Bf5 20. Rc1 Be4 21. Nd2 Bxg2 22. Kxg2 Na5 (22... g5 $6 23. hxg5 fxg5 24. Be3 Nxe3+ (24... Qe6 $5) 25. Qxe3 $14) 23. Qb5 Qxb5 24. axb5 Bb4 25. Nf1 Kf7 26. Bd2 Bxd2 27. Nxd2 Ke6 28. Kf3 Kd7 29. Ke3 Rxc1 30. Rxc1 Ra8 $1 31. Kd3 a6 32. bxa6 Rxa6 1/2-1/2

[Event "URS-chT Republics 16th final A"]
[Site "Moscow"]
[Date "1983.07.28"]
[Round "5"]
[White "Vaganian, Rafael A"]
[Black "Karpov, Anatoly"]
[Result "1/2-1/2"]
[WhiteElo "2620"]
[BlackElo "2710"]
[PlyCount "33"]
[EventDate "1983.07.23"]
[EventType "team-tourn"]
[EventRounds "5"]
[EventCountry "URS"]
[SourceTitle "EXT 2020"]
[Source "ChessBase"]
[SourceDate "2019.10.17"]
[SourceVersion "1"]
[SourceVersionDate "2019.10.17"]
[SourceQuality "1"]
[WhiteTeam "Armenia"]
[BlackTeam "Moscow"]
[WhiteTeamCountry "ARM"]
[BlackTeamCountry "RUS"]

1. c4 {Bulletin} c5 2. Nf3 Nf6 3. Nc3 e6 4. g3 d5 5. cxd5 Nxd5 6. Bg2 Be7 7. O-O O-O 8. d4 Nc6 9. Nxd5 exd5 10. dxc5 ({RR} 10. Be3 c4 11. Ne5 f6 12. Nxc6 bxc6 13. Bf4 a5 14. b3 Ba6 15. Qc2 Kh8 16. Rfb1) 10... Bxc5 11. a3 Bf5 ({RR} 11... a5 12. Ne1 Be6 ({RR} 12... d4 13. Nd3 Bb6 14. Bd2 Re8 15. Rc1 Bg4 16. Re1) 13. Nd3 Bd6 14. Bf4 Be7) 12. b4 Bb6 ({RR} 12... Be7 13. Bb2 Be4 14. Qd2 Bf6 15. Rfd1 Qe7 16. Rac1 Rac8 17. Bh3 Rcd8 18. Bxf6 Qxf6 19. b5 Ne5 20. Nxe5 Qxe5 21. Qd4 f6 22. Qxe5 fxe5 23. Be6+ Kh8 24. f3 Bf5 25. Bxf5 Rxf5 26. Rxd5 Rdf8 27. Rc7 {Chen,l (1904)-Liu,C (1592) Shanghai CHN 2024 1-0}) 13. Bb2 ({RR} 13. Ra2 Be4 14. Rd2 Qe7 15. Bb2 Rfe8 16. Qa1 f6 17. Rfd1 ({RR} 17. Ne1 Rad8 18. Nd3 Bxg2 19. Kxg2 Ne5) ({RR} 17. Nd4 Ne5) 17... Qe6 18. Qa2 Rad8 19. Qb3 a5 20. Ne1 ({RR} 20. bxa5 Nxa5) ({RR} 20. b5 a4 21. Qxa4 ({RR} 21. Qa2 Na5) 21... Ra8) 20... axb4 21. axb4 d4 22. Qxe6+ Rxe6 23. Bxe4 Rxe4 24. Nd3 Rd5 ({RR} 24... Ra8) 25. Ra1 Re8 26. Ra4 Kf7 27. Kf1 Ne5 {Portisch,L (2630)-Spassky,B (2630) Bugojno 1978 MCL [Bulletin] ½-½ (40)}) 13... Rc8 $146 ({RR} 13... Re8 14. Qd2 Be4 15. Rad1 Qc7 {½-½ (15) Filip,M-Rubinetti,J Nice 1974}) ({RR} 13... Be4 14. Rc1 Qe7 15. Qd2 {½-½ (15) Dzindzichashvili,R (2550)-Vaganian,R (2570) Buenos Aires 1978}) ({RR} 13... Be4 14. Rc1 {½-½ (14) Suetin,A-Hort,V Brno 1975}) 14. e3 Be4 15. Rc1 Qe7 16. Qb3 Rfd8 17. Rfd1 1/2-1/2

[Event "Japfa Classic"]
[Site "Bali"]
[Date "2000.04.22"]
[Round "1"]
[White "Karpov, Anatoly"]
[Black "Gunawan, Ruben"]
[Result "1-0"]
[WhiteElo "2696"]
[BlackElo "2507"]
[PlyCount "93"]
[EventDate "2000.04.22"]
[EventType "tourn"]
[EventRounds "9"]
[EventCountry "INA"]
[EventCategory "16"]
[SourceTitle "CBM 077"]
[Source "ChessBase"]
[SourceDate "2000.07.27"]
[SourceVersion "1"]
[SourceVersionDate "2000.07.27"]
[SourceQuality "1"]

1. c4 Nf6 2. Nf3 e6 3. Nc3 c5 4. g3 Nc6 5. Bg2 d5 6. cxd5 Nxd5 7. O-O Be7 8. d4 O-O 9. e4 Ndb4 10. a3 cxd4 11. axb4 dxc3 12. bxc3 Qc7 13. Qa4 Rd8 14. b5 Ne5 15. Nxe5 Qxe5 16. c4 Qc7 17. e5 Bd7 18. Be3 a6 19. Rfb1 $146 ({RR} 19. Rfc1 Rac8 20. Qb3 axb5 21. cxb5 Qxe5 22. b6 Bc6 23. Bf4 Qf5 24. Bxc6 Rd3 25. Qa4 {1-0 (25) Gerzhoy,L (2386)-Saint Amand,P (2126) Toronto 2006}) 19... h6 20. Qa5 Qxa5 21. Rxa5 axb5 22. Rxa8 Rxa8 23. cxb5 Bc8 24. b6 Kf8 25. h4 Ke8 26. Rc1 Bd8 27. Rc4 Bd7 28. Rb4 Ra1+ 29. Kh2 Bc8 30. Rg4 g6 31. h5 g5 32. Rc4 Ra8 33. Be4 Bd7 34. Rb4 Rb8 35. f4 g4 36. Kg2 Be7 37. Rc4 Rc8 38. Rxc8+ Bxc8 39. Bd4 Kd8 40. Kf2 Ke8 41. Bd3 Bb4 42. Be2 Bd7 43. Bxg4 Bc6 44. f5 exf5 45. Bxf5 Bd2 46. Ke2 Bg5 47. Be3 1-0

[Event "October Revolution 60years"]
[Site "Leningrad"]
[Date "1977.07.10"]
[Round "12"]
[White "Karpov, Anatoly"]
[Black "Tal, Mihail"]
[Result "1/2-1/2"]
[WhiteElo "2690"]
[BlackElo "2620"]
[PlyCount "120"]
[EventDate "1977.06.25"]
[EventType "tourn"]
[EventRounds "17"]
[EventCountry "URS"]
[EventCategory "13"]
[SourceTitle "MCL"]
[Source "ChessBase"]
[SourceDate "1999.07.01"]
[SourceVersion "1"]
[SourceVersionDate "1999.07.01"]
[SourceQuality "1"]

1. c4 Nf6 2. Nc3 c5 3. Nf3 e6 4. g3 d5 5. cxd5 Nxd5 6. Bg2 Nc6 7. O-O Be7 8. d4 O-O 9. e4 Nb6 10. d5 exd5 11. exd5 Nb4 12. Ne5 Bd6 13. Nd3 Bg4 14. Qxg4 Nxd3 15. Bg5 Be7 16. Bxe7 $146 ({RR} 16. Qe2 Bxg5 17. Qxd3 Bf6 18. Rad1 c4 19. Qc2 Bxc3 20. bxc3 Qd6 21. Rd4 Rac8 22. Rb1 Rfe8 23. Bf3 Rc7 24. Kg2 Rc5 25. Qd2 Rc7 26. Rb4 Re5 27. a4 Rc5 28. Rb5 Rxb5 29. axb5 Re8 30. Qa2 Ra8 {Quinteros,M (2555)-Diesen,M (2360) Polanica Zdroj 1977 1-0 (51)}) 16... Qxe7 17. Rab1 Rad8 18. Rfd1 Ne5 19. Qe2 Rfe8 20. Re1 Qd7 21. b3 c4 22. Qd2 cxb3 23. axb3 Qf5 24. Re3 Ng4 25. Rxe8+ Rxe8 26. Rd1 Rd8 27. d6 Nc8 28. Ne4 Nf6 29. Nxf6+ gxf6 30. Qb4 b6 31. Bb7 Kg7 32. Bxc8 Qxc8 33. d7 Qc5 34. Qg4+ Qg5 35. Qf3 Qe5 36. Qb7 Qe2 37. Rd6 Qe5 38. Rd3 Qe2 39. Qd5 Qe5 40. Qf3 Qe6 41. Qd1 Qf5 42. Rd4 a5 43. Rd5 Qe4 44. g4 Qf4 45. h3 h6 46. Rd4 Qe5 47. Qd2 Qg5 48. Qd1 Qe5 49. Rd5 Qf4 50. Kg2 Kf8 51. Rd4 Qe5 52. Qd3 Kg7 53. Rd6 Qc5 54. Qd2 b5 55. Rd5 Qc6 56. Kg3 a4 57. bxa4 bxa4 58. Qd4 Qe6 59. g5 a3 60. gxh6+ Kh7 1/2-1/2

[Event "Helsinki sim"]
[Site "Helsinki"]
[Date "1989.??.??"]
[Round "?"]
[White "Karpov, Anatoly"]
[Black "Pyhala, Antti"]
[Result "1/2-1/2"]
[WhiteElo "2750"]
[BlackElo "2385"]
[PlyCount "86"]
[EventDate "1989.??.??"]
[EventType "simul"]
[EventRounds "1"]
[EventCountry "FIN"]
[SourceTitle "EXT 2002"]
[Source "ChessBase"]
[SourceDate "2001.11.25"]
[SourceVersion "1"]
[SourceVersionDate "2001.11.25"]
[SourceQuality "1"]

1. d4 d5 2. c4 e6 3. Nc3 Nf6 4. cxd5 Nxd5 5. e4 Nxc3 6. bxc3 c5 7. Nf3 cxd4 8. cxd4 Nc6 ({RR} 8... Bb4+ 9. Bd2 Bxd2+ 10. Qxd2 O-O 11. Bc4 {½-½ (16) Rakhmangulov,A (2344)-Stopkin,V (2274) Nikolaev 2001}) 9. Bc4 Bb4+ 10. Bd2 Bxd2+ 11. Qxd2 O-O 12. O-O Qd6 13. Rfd1 Rd8 14. Rac1 Bd7 15. d5 ({RR} 15. e5 Qe7 16. Qf4 Be8 17. h4 Rac8 18. d5 exd5 19. Rxd5 h6 20. Rcd1 Rxd5 21. Rxd5 Rd8 22. Qe4 {½-½ (22) Petrosian,T (2645)-Kortschnoj,V (2645) Ciocco 1977}) ({RR} 15. e5 Qf8 16. Bd3 h6 17. Qf4 Nb4 18. Bb1 Bc6 19. Nd2 Qe7 20. Nc4 Nd5 21. Qe4 g6 22. Qg4 Qg5 23. Qxg5 hxg5 24. g3 Rd7 25. Nd6 Rad8 26. Be4 Rxd6 27. exd6 Rxd6 28. Bxd5 Bxd5 29. Rc7 g4 {Chachere,T (1690)-Parkkinen,J (2086) Jyvaskyla FIN 2023 0-1 (45)}) 15... exd5 16. Bxd5 Be6 17. Bxc6 $146 Qxd2 18. Rxd2 Rxd2 19. Nxd2 Rc8 20. f4 Rxc6 21. Rxc6 bxc6 22. a3 Kf8 23. Kf2 Ke7 24. f5 Bc8 25. Ke3 Kd6 26. Nc4+ Kc5 27. Ne5 f6 28. Nd3+ Kc4 29. g4 c5 30. h4 h6 31. Nf4 Kb3 32. Kd2 c4 33. Kc1 Kxa3 34. Nh5 Kb3 35. e5 a5 36. exf6 gxf6 37. Nxf6 a4 38. Ne4 a3 39. Kb1 c3 40. Nxc3 Kxc3 41. f6 Be6 42. h5 Kd4 43. g5 Ke5 1/2-1/2

[Event "Linares cf"]
[Site "Linares"]
[Date "1987.??.??"]
[Round "1"]
[White "Sokolov, Andrei"]
[Black "Karpov, Anatoly"]
[Result "1/2-1/2"]
[WhiteElo "2645"]
[BlackElo "2710"]
[PlyCount "70"]
[EventDate "1987.02.??"]
[EventType "match"]
[EventRounds "11"]
[EventCountry "ESP"]
[SourceTitle "Candidates"]
[Source "ChessBase"]
[SourceDate "1999.07.01"]
[SourceVersion "2"]
[SourceVersionDate "1999.07.01"]
[SourceQuality "1"]

1. e4 c6 2. c4 d5 3. exd5 cxd5 4. cxd5 Nf6 5. Nc3 Nxd5 6. Nf3 e6 7. d4 Be7 8. Bc4 O-O 9. O-O Nc6 10. Re1 a6 11. Bb3 Nxc3 12. bxc3 b5 13. Qd3 Ra7 14. Bc2 g6 15. Bh6 Re8 16. Qe3 Rd7 17. h4 Bf6 18. Bg5 Bb7 19. Qf4 $146 Bxg5 20. Nxg5 Qc7 21. Qf6 Nxd4 22. Bxg6 hxg6 23. cxd4 Rd5 24. Rac1 Qd7 25. Rc5 Qe7 26. Rxe6 Qxf6 27. Rxf6 Rd7 28. a3 Kg7 29. Rb6 Re2 30. Rc3 Rd2 31. Nf3 Bxf3 32. Rxf3 R2xd4 33. Rxa6 Rxh4 34. g3 Rh5 35. Kg2 Rhd5 1/2-1/2

[Event "World Cup qual"]
[Site "Khanty-Mansiysk"]
[Date "2007.10.21"]
[Round "11"]
[White "Karpov, Alexander"]
[Black "Genba, Vladimir"]
[Result "0-1"]
[WhiteElo "2330"]
[BlackElo "2413"]
[PlyCount "102"]
[EventDate "2007.10.14"]
[EventType "tourn"]
[EventRounds "13"]
[EventCountry "RUS"]
[EventCategory "5"]
[SourceTitle "CBM 121 Extra"]
[Source "ChessBase"]
[SourceDate "2008.01.10"]
[SourceVersion "1"]
[SourceVersionDate "2008.01.10"]
[SourceQuality "1"]

1. e4 c6 2. d4 d5 3. exd5 cxd5 4. c4 Nf6 5. Nc3 e6 6. Nf3 Bb4 7. cxd5 Nxd5 8. Bd2 Nc6 9. Bd3 Nf6 10. O-O O-O 11. Bg5 Be7 12. a3 b6 13. Re1 Bb7 14. Bc2 Rc8 15. Qd3 g6 16. Rad1 Re8 ({RR} 16... a6 17. Bb3 Na5 18. Ba2 b5 19. Ne5 Nd5 20. Bh6 Re8 21. Qh3 Bf6 22. Ne4 Bg7 23. Bxg7 Kxg7 24. Nxf7 Kxf7 25. Qxh7+ Kf8 26. Qh6+ Kf7 27. Rd3 Qc7 28. Qh7+ Kf8 29. Rf3+ Nf4 30. Qh6+ Ke7 31. Rxf4 {Kobalia,M (2623)-Rozum,I (2539) St Petersburg 2015 1-0 (33)}) 17. Bb3 Nd5 ({RR} 17... Na5 18. Ba2 Nd5 19. Bxe7 Rxe7 20. Ne4 Rec7 21. Ne5 f5 22. Bxd5 Bxd5 23. Nc3 Nc4 24. Nxd5 Qxd5 25. Nxc4 Rxc4 26. Qe3 Rd8 27. h4 e5 28. Qxe5 Qxe5 29. dxe5 Rxd1 30. Rxd1 Rxh4 31. Rd8+ Kf7 32. Rd7+ {Zuferi,E (2332)-Womacka,M (2416) Germany GER 2023 1-0 (51)}) 18. Bc1 Na5 $146 ({RR} 18... Nxc3 19. bxc3 Na5 20. Ba4 Bc6 21. Bxc6 Rxc6 22. Ne5 Rc8 23. Qf3 f5 24. d5 exd5 25. Rxd5 Bd6 26. Qd1 Nb7 27. Qb3 Kg7 28. c4 Qf6 29. Bb2 Na5 30. Qd1 Rxe5 31. Rdxe5 Rc7 32. R5e2 {1-0 (31) Georgiev,V (2350)-Andonov,B (2383) Sunny Beach 2007}) 19. Ba4 Bc6 20. Bxc6 Nxc6 21. Ne4 f6 22. h4 Bf8 23. Re2 Nce7 24. h5 Bg7 25. Rde1 Rxc1 26. Rxc1 Nf4 27. Qd1 Nxe2+ 28. Qxe2 Nd5 29. hxg6 hxg6 30. Rc6 Bf8 31. Qc2 Kg7 32. Nc3 g5 33. Nxd5 Qxd5 34. Rc7+ Re7 35. Rxe7+ Bxe7 36. Qc7 Kf7 37. Qc2 Ke8 38. Qc8+ Bd8 39. Nd2 b5 40. Nb1 Qd7 41. Qxd7+ Kxd7 42. Nc3 Kc6 43. Kf1 Bb6 44. Ne2 Kd5 45. b3 Bxd4 46. Ke1 Bb2 47. a4 bxa4 48. bxa4 Kc4 49. Kd1 Kb4 50. Kc2 Be5 51. f3 Kxa4 0-1

[Event "Oslo Schakselskaps Jubilee"]
[Site "Oslo"]
[Date "1984.04.12"]
[Round "1"]
[White "Karpov, Anatoly"]
[Black "De Firmian, Nick E"]
[Result "1/2-1/2"]
[WhiteElo "2700"]
[BlackElo "2515"]
[PlyCount "88"]
[EventDate "1984.04.12"]
[EventType "tourn"]
[EventRounds "9"]
[EventCountry "NOR"]
[EventCategory "13"]
[SourceTitle "MCL"]
[Source "ChessBase"]
[SourceDate "1999.07.01"]
[SourceVersion "1"]
[SourceVersionDate "1999.07.01"]
[SourceQuality "1"]

1. Nf3 c5 2. c4 Nf6 3. Nc3 e6 4. e3 Nc6 5. d4 d5 6. cxd5 Nxd5 7. Bd3 Be7 8. O-O O-O 9. a3 cxd4 10. exd4 Nxc3 11. bxc3 b6 12. Be4 ({RR} 12. Qe2 Bb7 13. Rd1 Bf6 14. Qe4 g6 15. Bh6 Na5 16. Qf4 Bg7 17. Bxg7 Kxg7 18. Ne5 Rc8 19. Rac1 Qd5 20. f3 Qd8 21. Ng4 Qe7 22. Re1 f6 23. h4 Kg8 24. Qh6 Qf7 25. h5 Qg7 26. Qxg7+ Kxg7 {Balashov,Y (2590)-Tseshkovsky,V (2570) Lvov 1978 ½-½ (49)}) ({RR} 12. Qe2 Bb7 13. h4 Na5 14. Ng5 Bxg5 15. Bxg5 Qd5 16. Qg4 f5 17. Qh3 e5 18. dxe5 Qxe5 19. Rfe1 Qxc3 20. Rac1 Qb2 21. Bxf5 Rae8 22. Qd3 h6 23. Rxe8 Rxe8 24. Qd7 Rf8 25. Qe6+ Kh8 26. Qg6 Rxf5 {Barrientos,S (2421)-Rodriguez Santiago,J (2055) Medellin COL 2025 1-0 (34)}) 12... Bb7 13. Qd3 $146 ({RR} 13. Ne5 Na5 14. Bc2 Qc7 15. Qd3 f5 16. Re1 Bd5 17. Ba4 Bd6 18. Bf4 Rac8 19. Rec1 Nc4 20. Qg3 Rf6 21. Bb5 Bxe5 22. Bxe5 Nxe5 23. Qxe5 Qxe5 24. dxe5 Rf7 25. c4 Rfc7 26. Rc2 Rc5 27. Ba6 R8c7 {Kouznetsova,E (1934)-Hoenig,A (2261) NRW 2001 0-1 (60)}) ({RR} 13. Ne5 Qc8 14. Qh5 g6 15. Nxg6 hxg6 16. Bxg6 fxg6 17. Qxg6+ Kh8 18. Qh6+ Kg8 19. Qg6+ Kh8 20. Qh5+ Kg8 21. Qg6+ {½-½ (21) Hinterreiter,M (2080)-Manakov,M (2239) Bayern 2017}) 13... h6 14. Rd1 Rc8 15. Bf4 Bd6 16. Bg3 Qc7 17. Rac1 Rfd8 18. c4 Bxg3 19. hxg3 Na5 20. Bxb7 Qxb7 21. Rc3 Rc7 22. Rdc1 Rcd7 23. Qe3 Nc6 24. Rd3 Rd6 25. g4 Qd7 26. Rcd1 f6 27. Qe4 e5 28. d5 Ne7 29. Rb1 Rc8 30. Rdb3 Qe8 31. Nd2 Rdd8 32. Rd3 Ng6 33. a4 Nf4 34. Ra3 Qd7 35. f3 Qe7 36. Re3 Ne6 37. a5 Nc5 38. Qc2 bxa5 39. Rb5 a4 40. Ne4 a6 41. Rxc5 Rxc5 42. Qxa4 Qa7 43. Nxc5 Qxc5 44. Qb3 Rc8 1/2-1/2